000 00276nam a22001217a 4500
008 170328b xxu||||| |||| 00| 0 eng d
041 _aeng
080 _a796.3
100 _a8
101 _aSHM
245 _aEXERCISE AND SPORT SCIENCES REWIEWS
_cHOLLOSZY.J.O
942 _2udc
_cBK
999 _c8785
_d8785